| 000 | 00353 a2200121 4500 | ||
|---|---|---|---|
| 020 | _a0534933750 | ||
| 082 | _a624.15136 DAS | ||
| 100 | _aDas, Braja M. | ||
| 245 |
_aPrinciples of Geotechnical Engineering/ _cBraja M. Das |
||
| 250 | _a3rd ed | ||
| 260 |
_aBoston : _bPWS Publishing Company, _c1993 |
||
| 300 |
_axvi, 672p. : _bcol. ,ill. ; _c25 cm |
||
| 650 | _aGeotechnical engineering | ||
| 999 |
_c1200 _d1200 |
||